00707 2200229 4500001002100000005001700021008004100038035002400079082001300103090002400116100002300140245007400163260002800237300003100265500008000296500002900376650003300405850000900438985000600447986000900453999001500462YOGYA-0209000007170920090227093553.0 ind  0010-020900000071709 a915.9823 a915.9823bTri MlSK aTRI JAYANTO, Agung aMotivasi wisatawan terhadap obyek wisata kaliurangcAgung Tri Jayanto aYogyakartab[s.n]c1994 aix,50,31lembarbilusc28cm aSkripsi Fak.Ekonomi jurusan Manajemen Perusahaan Universitas Proklamasi 445 abibiografi:lembar[51-52] aIndustri pariwisata - Sleman aBPAD a1 aheru a08A0035913